Statistics for British Islands (UK)

Click here to take the quiz!

General Stats

  • This quiz has been taken 806 times
  • The average score is 12 of 20

Answer Stats

ClueIsland% Correct
Its native name is ÉireIreland
97%
Main island of the United KingdomGreat Britain
96%
Site of a "mysterious triangle"Bermuda
86%
Crown Dependencies of
the United Kingdom
Isle of Man
86%
Crown Dependencies of
the United Kingdom
Jersey
81%
Crown Dependencies of
the United Kingdom
Guernsey
80%
Main island of an island chain
north of Britain with ponies
Shetland
77%
Island Portsmouth overlooksIsle of Wight
75%
Where Napoleon diedSaint Helena
70%
Portree is its largest townSkye
56%
Largest Welsh islandAnglesey
54%
Also called "Hrossey" and "Pomona"Mainland, Orkney
51%
Largest Scottish islandLewis and Harris
45%
Island first settled by
HMS Bounty mutineers
Pitcairn Island
45%
Main island of the Cayman IslandsGrand Cayman
35%
Where the Soufrière Hills
volcano erupted
Montserrat
35%
Northernmost of the Leeward IslandsAnguilla
29%
Island in the Hebrides known for
tourism and Scotch whisky
Islay
25%
Largest island of the FalklandsWest Falkland
23%
Referred to as "Scotland in Miniature"Arran
21%

Score Distribution

Percentile by Number Answered

Percent of People with Each Score

Your Score History

You have not taken this quiz